[Event "HUN-chT BAZ megyei CSB 2223"]
[Site "Hungary"]
[Date "2023.03.19"]
[Round "8.7"]
[White "Boros, Jozsef"]
[Black "Balogh, Imre"]
[Result "1-0"]
[WhiteElo "1613"]
[BlackElo "1764"]
[PlyCount "93"]
[EventDate "2022.09.25"]
[EventType "team-tourn"]
[EventRounds "9"]
[EventCountry "HUN"]
[SourceTitle "EXT 2025"]
[Source "ChessBase"]
[SourceDate "2024.10.14"]
[SourceVersion "1"]
[SourceVersionDate "2024.10.14"]
[SourceQuality "1"]
[WhiteTeam "Edelenyi VSE II"]
[BlackTeam "Szerencs Varos"]
[WhiteTeamCountry "HUN"]
[BlackTeamCountry "HUN"]

1. Nf3 Nf6 2. c4 g6 3. d4 Bg7 4. Nc3 d5 5. cxd5 Nxd5 6. e4 Nxc3 7. bxc3 c5 8. Be3 0-0 9. Be2 Nc6 10. 0-0 cxd4 11. cxd4 b6 12. Rc1 Bb7 13. d5 Ne5 14. Nxe5 Bxe5 15. Bd4 Qd6 16. Bxe5 Qxe5 17. f3 Rac8 18. Rxc8 Rxc8 19. Qd2 Rc5 20. Rc1 Qc7 21. Rxc5 Qxc5+ 22. Kf1 Qd6 23. g3 e6 24. Bc4 Qc5 25. Bb3 Ba6+ 26. Kg2 exd5 27. Qxd5 Qxd5 28. exd5 Kf8 29. d6 f6 30. Bg8 h6 31. Bh7 Bd3 32. Bg8 Ke8 33. Be6 a5 34. Kf2 a4 35. a3 Bf5 36. Bc4 Bc2 37. Bb5+ Kd8 38. Ke3 g5 39. Kd4 Bd1 40. Bc6 Bb3 41. Kc3 h5 42. h4 gxh4 43. gxh4 Bf7 44. Bxa4 Be8 45. Bxe8 Kxe8 46. Kb4 Kd7 47. Kb5 1-0

[Event "HUN-chT BAZ megyei CSB 2223"]
[Site "Hungary"]
[Date "2022.09.25"]
[Round "1.8"]
[White "Szabo, Istvan"]
[Black "Boros, Jozsef"]
[Result "1/2-1/2"]
[WhiteElo "1677"]
[BlackElo "1649"]
[PlyCount "61"]
[EventDate "2022.09.25"]
[EventType "team-tourn"]
[EventRounds "9"]
[EventCountry "HUN"]
[SourceTitle "EXT 2025"]
[Source "ChessBase"]
[SourceDate "2024.10.14"]
[SourceVersion "1"]
[SourceVersionDate "2024.10.14"]
[SourceQuality "1"]
[WhiteTeam "Ozdi Sakk SE"]
[BlackTeam "Edelenyi VSE II"]
[WhiteTeamCountry "HUN"]
[BlackTeamCountry "HUN"]

1. e4 d6 2. d4 Nf6 3. Nc3 g6 4. f4 Bg7 5. Nf3 c5 6. d5 Nbd7 7. Bd3 0-0 8. Ne2 Qc7 9. c4 Re8 10. 0-0 e5 11. dxe6 Rxe6 12. Qc2 b6 13. f5 Re7 14. Nf4 Bb7 15. Nd5 Bxd5 16. exd5 Rae8 17. fxg6 fxg6 18. Ng5 Nf8 19. Bd2 Ng4 20. Kh1 Ne5 21. Bc3 Nxd3 22. Qxd3 Re3 23. Qd2 Bxc3 24. bxc3 Qe7 25. Ne6 Re5 26. Nxf8 Rxf8 27. Rfe1 Re8 28. Rxe5 Qxe5 29. Rf1 Kg7 30. Qf2 Qe7 31. Kg1 1/2-1/2